| 000 | 00602nam a2200181 i 4500 | ||
|---|---|---|---|
| 001 | 95749 | ||
| 003 | ES-MaACL | ||
| 005 | 20250819063046.0 | ||
| 007 | t| | ||
| 008 | 050603s1972 sp ||||1| cat d | ||
| 100 | 1 |
_aLluch, Ernest, _d1937-2000 _972961 |
|
| 245 | 1 | 0 |
_aLes conseqüencies comarcals del turisme a la Costa Brava _b: (De Sant Feliu de Guixols a Palamós) / _cErnest Lluch, Pere Campistol. |
| 260 |
_aBarcelona : _bBanca Catalana, _c1972. |
||
| 300 |
_a118 p. ; _c24 cm. |
||
| 700 | 1 |
_aCampistol, Pere. _934185 |
|
| 852 |
_aES-MaACL _jC-51880 _bR.85716 |
||
| 999 |
_c95749 _d95749 |
||